000 00351nam a2200145Ia 4500
008 230711s9999||||xx |||||||||||||| ||und||
041 _aENG
082 _a4
_bKA-L
100 _aKarloff,Howard
245 0 _aLinear programming
250 _a1st . Ed.
260 _c1991
_aNew Jersey
_bBirkhauser Verlage
650 _aComputer Engineering
942 _cBK
999 _c3524
_d3524